[Event "PER-ch"]
[Site "Lima"]
[Date "2023.09.01"]
[Round "5"]
[White "Benavides Conza, Diego Angelo"]
[Black "Puma Lezama, Freddy Gabriel"]
[Result "1-0"]
[WhiteElo "1559"]
[BlackElo "1027"]
[PlyCount "30"]
[EventDate "2023.08.29"]
[EventType "swiss"]
[EventRounds "9"]
[EventCountry "PER"]
[SourceTitle "EXT 2024"]
[Source "ChessBase"]
[SourceDate "2023.10.10"]
[SourceVersion "1"]
[SourceVersionDate "2023.10.10"]
[SourceQuality "1"]

1. d4 Nf6 2. Nf3 g6 3. c4 Bg7 4. Nc3 d6 5. e4 Bg4 6. Be2 0-0 7. h3 Bc8 8. 0-0 b6 9. Be3 Bb7 10. d5 Re8 11. Qc2 Nbd7 12. b4 Ba6 13. Nd4 Ne5 14. Qb3 Qd7 15. f4 Bh6 1-0

[Event "South America-ch U14 16th"]
[Site "Buenos Aires"]
[Date "2019.12.04"]
[Round "5.4"]
[White "Benavides Conza, Diego Angelo"]
[Black "Vasquez Vargas, Henry Richard"]
[Result "0-1"]
[WhiteElo "1800"]
[BlackElo "2073"]
[PlyCount "92"]
[EventDate "2019.12.01"]
[EventType "swiss"]
[EventRounds "9"]
[EventCountry "ARG"]
[SourceTitle "EXT 2024"]
[Source "ChessBase"]
[SourceDate "2023.10.10"]
[SourceVersion "1"]
[SourceVersionDate "2023.10.10"]
[SourceQuality "1"]

1. d4 Nf6 2. c4 g6 3. Nc3 d5 4. cxd5 Nxd5 5. e4 Nxc3 6. bxc3 Bg7 7. Bb5+ c6 8. Be2 c5 9. Nf3 Nc6 10. 0-0 cxd4 11. cxd4 Bxd4 12. Nxd4 Qxd4 13. Qxd4 Nxd4 14. Bc4 Be6 15. Rd1 Nf3+ 16. gxf3 Bxc4 17. Rd4 Bb5 18. Ba3 Bc6 19. Rad1 f6 20. f4 Kf7 21. e5 fxe5 22. fxe5 Ke6 23. f4 Raf8 24. Bc5 Rhg8 25. Rf1 g5 26. f5+ Rxf5 27. Rxf5 Kxf5 28. Bxe7 Kxe5 29. Rg4 Kf5 30. Rc4 h6 31. Bc5 a6 32. Bb6 Re8 33. Kf2 Re4 34. Rc2 Rf4+ 35. Ke3 Kg4 36. Bc7 Ra4 37. Rd2 Ra3+ 38. Kd4 Kh3 39. Ke5 Rf3 40. Kd6 g4 41. Ke6 h5 42. Rd8 h4 43. Rh8 Ra3 44. Kf5 Rxa2 45. Kg5 Bf3 46. Rxh4+ Kg2 0-1

[Event "Pan American-ch U12"]
[Site "Santiago de Chile"]
[Date "2018.07.27"]
[Round "7"]
[White "Galaviz Medina, Atlas Adomaitis"]
[Black "Benavides Conza, Diego Angelo"]
[Result "1-0"]
[WhiteElo "1837"]
[BlackElo "1493"]
[PlyCount "67"]
[EventDate "2018.07.22"]
[EventType "swiss"]
[EventRounds "9"]
[EventCountry "CHI"]
[SourceTitle "EXT 2022"]
[Source "ChessBase"]
[SourceDate "2021.10.06"]
[SourceVersion "1"]
[SourceVersionDate "2021.10.06"]
[SourceQuality "1"]

1. d4 Nf6 2. c4 e6 3. Nf3 Bb4+ 4. Bd2 Qe7 5. a3 Bxd2+ 6. Nbxd2 d6 7. e4 e5 8. d5 a5 9. Bd3 0-0 10. 0-0 Nh5 11. g3 Bg4 12. Be2 Na6 13. Kg2 Qd7 14. Re1 Bh3+ 15. Kh1 Nf6 16. Ng1 Nc5 17. f3 h5 18. b4 axb4 19. axb4 Rxa1 20. Qxa1 Na6 21. Qa3 Qc8 22. c5 Bd7 23. c6 bxc6 24. dxc6 Bxc6 25. Qxa6 Bb7 26. Qc4 Nd7 27. Rc1 c6 28. Qd3 Qb8 29. b5 Nc5 30. Qb1 cxb5 31. Qxb5 Qa8 32. Qb6 Qa3 33. Rd1 Ba6 34. Bxa6 1-0

[Event "Pan American-ch U12"]
[Site "Santiago de Chile"]
[Date "2018.07.25"]
[Round "6"]
[White "Benavides Conza, Diego Angelo"]
[Black "Chavez Duero, Brayan Steven"]
[Result "1/2-1/2"]
[WhiteElo "1493"]
[BlackElo "1874"]
[PlyCount "120"]
[EventDate "2018.07.22"]
[EventType "swiss"]
[EventRounds "9"]
[EventCountry "CHI"]
[SourceTitle "EXT 2022"]
[Source "ChessBase"]
[SourceDate "2021.10.06"]
[SourceVersion "1"]
[SourceVersionDate "2021.10.06"]
[SourceQuality "1"]

1. e4 c5 2. Nf3 g6 3. d4 cxd4 4. Qxd4 Nf6 5. e5 Nc6 6. Qa4 Nd5 7. Qe4 Ndb4 8. c3 d5 9. Qe2 Na6 10. Be3 Bg7 11. Bd4 0-0 12. Qd2 Bg4 13. Bxa6 bxa6 14. Qe3 Bxf3 15. gxf3 Qc7 16. f4 Rab8 17. b3 f6 18. e6 Bh6 19. Qf3 Nxd4 20. cxd4 Qxf4 21. Qxf4 Bxf4 22. Nc3 Rfd8 23. Ne2 Bh6 24. h4 Rb6 25. h5 g5 26. 0-0 Rxe6 27. Ng3 g4 28. Rfe1 Rxe1+ 29. Rxe1 Kf7 30. Nf5 Bf8 31. Ne3 e6 32. Nxg4 Rc8 33. Re2 Rc7 34. Kg2 a5 35. Rd2 a4 36. bxa4 Rc4 37. Ne3 Rxa4 38. f4 Bd6 39. Kf3 Ke7 40. f5 Ra3 41. fxe6 Kxe6 42. Re2 Kf7 43. Kg4 Rd3 44. Nf5 Bb4 45. Re3 Rxe3 46. Nxe3 Ke6 47. Nf5 Bc3 48. Ng7+ Kd6 49. Nf5+ Kd7 50. Kf3 Bb4 51. Kg4 Kc6 52. Kf3 Ba3 53. Ke3 a5 54. Ng7 Kb5 55. Kd3 a4 56. Ne8 Be7 57. Nc7+ Kc6 58. Ne6 Kd7 59. Ng7 Bf8 60. Nf5 Ke6 1/2-1/2

[Event "Lima Surco op 4th"]
[Site "Lima"]
[Date "2017.10.21"]
[Round "3"]
[White "Benavides Conza, Diego Angelo"]
[Black "Caja Cruz, Gabriel"]
[Result "1/2-1/2"]
[WhiteElo "1464"]
[BlackElo "1635"]
[PlyCount "20"]
[EventDate "2017.10.15"]
[EventType "swiss"]
[EventRounds "7"]
[EventCountry "PER"]
[SourceTitle "EXT 2019"]
[Source "ChessBase"]
[SourceDate "2018.10.10"]
[SourceVersion "1"]
[SourceVersionDate "2018.10.10"]
[SourceQuality "1"]

1. e4 c5 2. Nf3 Nc6 3. Bb5 g6 4. 0-0 Bg7 5. c3 Nf6 6. Re1 0-0 7. d4 cxd4 8. cxd4 d5 9. e5 Ne8 10. Nc3 Bg4 1/2-1/2

[Event "Lima Surco op 2nd"]
[Site "Lima"]
[Date "2017.07.08"]
[Round "1"]
[White "Garcia Benavides, Omar"]
[Black "Benavides Conza, Diego Angelo"]
[Result "1-0"]
[WhiteElo "2044"]
[BlackElo "1516"]
[PlyCount "35"]
[EventDate "2017.07.08"]
[EventType "swiss"]
[EventRounds "9"]
[EventCountry "PER"]
[SourceTitle "EXT 2018"]
[Source "ChessBase"]
[SourceDate "2017.10.13"]
[SourceVersion "1"]
[SourceVersionDate "2017.10.13"]
[SourceQuality "1"]

1. e4 c5 2. b4 cxb4 3. d4 d6 4. a3 bxa3 5. c4 e6 6. Nc3 Nf6 7. Bd3 Nc6 8. Nge2 Be7 9. 0-0 0-0 10. Bxa3 a6 11. Bc2 Na5 12. Qd3 Qc7 13. c5 dxc5 14. e5 c4 15. Qh3 g6 16. Bxe7 Qxe7 17. exf6 Qc7 18. Qh6 1-0

[Event "Lima-ch U12"]
[Site "Lima"]
[Date "2017.01.14"]
[Round "5.5"]
[White "Cancino Montes, Fabrizio Omar"]
[Black "Benavides Conza, Diego Angelo"]
[Result "0-1"]
[WhiteElo "1494"]
[BlackElo "1296"]
[PlyCount "114"]
[EventDate "2017.01.12"]
[EventType "swiss"]
[EventRounds "7"]
[EventCountry "PER"]
[SourceTitle "EXT 2024"]
[Source "ChessBase"]
[SourceDate "2023.10.10"]
[SourceVersion "1"]
[SourceVersionDate "2023.10.10"]
[SourceQuality "1"]

1. e4 c5 2. Nf3 d6 3. d4 cxd4 4. Qxd4 Nc6 5. Bb5 Bd7 6. Bxc6 bxc6 7. Nc3 Nf6 8. Bg5 c5 9. Qd2 e6 10. 0-0-0 Be7 11. Bxf6 gxf6 12. g4 Qc7 13. h4 0-0-0 14. g5 Bc6 15. gxf6 Bxf6 16. Ng5 Qb7 17. f3 h6 18. Nh3 Qb4 19. Nf2 Bxc3 20. Qxc3 Qxc3 21. bxc3 h5 22. Rhg1 Kd7 23. f4 Ke7 24. Kd2 Rdg8 25. Kd3 Rb8 26. e5 d5 27. Rg7 Rb2 28. Ra1 Ba4 29. Nh3 Bxc2+ 30. Ke3 Bg6 31. Ng5 Rc2 32. Rb1 Rxc3+ 33. Kd2 Bxb1 34. Rxf7+ Ke8 35. Kxc3 Rf8 36. Rxa7 Rxf4 37. Nxe6 Rxh4 38. Nxc5 Rc4+ 39. Kb2 Bxa2 40. Kxa2 Rxc5 41. Rh7 Rc2+ 42. Kb3 Rh2 43. Kc3 Rh4 44. e6 d4+ 45. Kc4 Kd8 46. Kd5 d3 47. Kd6 Rd4+ 48. Ke5 d2 49. Rh8+ Kc7 50. e7 d1Q 51. e8Q Rd5+ 52. Ke6 Rd6+ 53. Kf5 Qg4+ 54. Ke5 Qd4+ 55. Kf5 Qf6+ 56. Ke4 Re6+ 57. Qxe6 Qxe6+ 0-1

[Event "Lima Palma Memorial 2nd"]
[Site "Lima"]
[Date "2016.09.25"]
[Round "7.16"]
[White "Pacheco Mateo, Laura"]
[Black "Benavides Conza, Diego Angelo"]
[Result "1-0"]
[WhiteElo "1549"]
[BlackElo "1399"]
[PlyCount "43"]
[EventDate "2016.09.09"]
[EventType "swiss"]
[EventRounds "7"]
[EventCountry "PER"]
[SourceTitle "EXT 2024"]
[Source "ChessBase"]
[SourceDate "2023.10.10"]
[SourceVersion "1"]
[SourceVersionDate "2023.10.10"]
[SourceQuality "1"]

1. d4 Nf6 2. Nf3 g6 3. Bf4 Bg7 4. e3 d6 5. h3 0-0 6. Be2 Nbd7 7. Nbd2 Re8 8. 0-0 e5 9. Bg5 e4 10. Ne1 h6 11. Bh4 g5 12. Bg3 Nh7 13. c3 d5 14. Nc2 c6 15. f3 f5 16. fxe4 fxe4 17. Bh5 Re7 18. Bd6 Re6 19. Bf7+ Kh8 20. Bxe6 Ndf6 21. Bxc8 Qxd6 22. Bxb7 1-0